| 000 | 00542nam a2200217 454500 | ||
|---|---|---|---|
| 001 | 085545 | ||
| 003 | BD-ChCU | ||
| 008 | Eng | ||
| 020 | _ax | ||
| 040 |
_aDLC _cDLC _dBD-ChCU |
||
| 082 | 0 | 0 | _a512/S524t |
| 100 | 1 |
_aShahidullah, A.M.M _bBhattacharjee,P.K |
|
| 245 | 1 | 0 |
_aA text book on higher algebra _b(trigonometry,modern algebra & vector spece) |
| 250 | _a12th ed. | ||
| 260 |
_aChittagong _bH.L.Bhattacharjee _c1996 |
||
| 300 | _aV.P | ||
| 504 | _a | ||
| 650 | 0 |
_aTrigonometry _bAlgebra |
|
| 700 | 1 | _ax | |
| 942 |
_2ddc _cBK |
||
| 999 |
_c85545 _d85545 |
||